000 00427nam a22001697a 4500
003 BD-DhUIB
005 20260304121320.0
008 260304b |||||||| |||| 00| 0 eng d
040 _aBD-DhUIB
_cBD-DhUIB
050 _a330
082 _222
100 _aWooldridge, Jeffrey.
_91108
245 _aIntroductory econometrics a modern approach.
_cby Jeffrey, Wooldridge.
250 _a17th ed.
526 _aBBA.
942 _2ddc
_cBK
999 _c694
_d694